| 000 | 00542nam a2200205Ia 4500 | ||
|---|---|---|---|
| 005 | 20240913125644.0 | ||
| 008 | 240913s9999||||xx |||||||||||||| ||und|| | ||
| 020 | _a978-0-07637-3874-7 | ||
| 041 | _aENGLISH | ||
| 082 | _A570.282 P9 | ||
| 100 | _aDouglas E Chandler | ||
| 245 | 0 | _aBioimaging Current Concept in light and electron microscopy | |
| 250 | _a1st | ||
| 260 |
_c2009 _bJons and Bartlet |
||
| 500 | _aREFERENCE | ||
| 650 |
_aBioimaging _bBio Medical Engg. |
||
| 700 | _a Robert W Roberson | ||
| 942 | _cREF | ||
| 999 |
_c245994 _d245994 |
||